000 00628nam a2200169Ia 4500
003 LK-CoDNM
008 010623t2012 xxu||||| |||| 00| 1 sin d
040 _aLK-CoDNM
_dLK-CoDNM
_eLK-CoDNM
041 _asin
080 _a294.3 RAT
100 _aRathnakumara,S.P.Lankapura
245 _aක්‍රිස්තියානි මුලධර්මවාදී මිථා ාදෘෂ්ඨික බෞද්ධ දර්ශන විෂය 1-1
246 _aKristhiyani Mooladharmawadee Mithya Drushtika Bawdda Dharshana Vishaya 1
260 _bNuwanee Prakashana
_aIbulgoda
_c2012
300 _b420, 21 cm
942 _cBK
999 _c132273
_d132273